00641nam a2200169Ia 4500008004100000020001800041041000800059082001600067100004200083245009200125250000600217260006100223300000800284650001800292999001900310952014200329210716s2011 xx 000 0 und d a9780070263598 aeng a153.94 AGGR aTrivedi, Kashyap R;Trivedi, Chirag J. aQuantitative aptitude: for CA common proficiency test.bFor CA common proficiency test. a1 aNew DelhibTata McGraw Hill Publishing Company Ltdc2011 a726 aAptitude Test c193135d193135 001040708MCAaAIMITbAIMITeKnowledge Worldg425.00l1o153.94 AGGRpMCA12643r2026-05-23 00:00:00s2024-11-15v318.75w2021-07-16yBK